| 000 | 00676nam a2200217 a 4500 | ||
|---|---|---|---|
| 005 | 20210223123927.0 | ||
| 008 | 991125n 000 0 u | ||
| 035 | _aUPN01000081725 | ||
| 100 | 1 |
_aTorres del Castillo, Rosa María _935287 |
|
| 222 | _aPROSPECTS | ||
| 245 | _aIlliteracy and literacy training in Latin America and the Caribbean : between inertia and a break with the past | ||
| 300 | _a461-468 | ||
| 362 | 0 | _a1990 Vol. 20, no.2 | |
| 653 | 0 | _aALFABETIZACION FUNCIONAL | |
| 653 | 0 | _aANALFABETISMO | |
| 653 | 0 | _aEDUCACION ALFABETIZADORA | |
| 653 | 0 | _aMETODOS DE ENSEÑANZA | |
| 653 | 0 | _aPLANEACION EDUCATIVA | |
| 904 |
_aAC _b019536 |
||
| 905 | _aArticulo | ||
| 999 |
_c70101 _d70101 |
||